[Event "Leer op"]
[Site "Leer"]
[Date "2024.11.02"]
[Round "6"]
[White "Weidemann, Jakob"]
[Black "Giel, Olaf"]
[Result "1-0"]
[WhiteElo "2197"]
[BlackElo "2076"]
[PlyCount "43"]
[EventDate "2024.10.31"]
[EventType "swiss"]
[EventRounds "7"]
[EventCountry "GER"]
[SourceTitle "CB45_2024"]
[Source "ChessBase"]
[SourceDate "2024.11.06"]
[SourceVersion "1"]
[SourceVersionDate "2024.11.06"]
[SourceQuality "1"]

1. e4 c5 2. Nf3 d6 3. d4 cxd4 4. Nxd4 e5 5. Bb5+ Nd7 6. Nf5 a6 7. Ba4 b5 8. Bb3 Nb6 9. Nc3 Bb7 10. 0-0 Qd7 11. a4 Nf6 12. axb5 axb5 13. Be3 Nc4 14. Rxa8+ Bxa8 15. Qa1 Bb7 16. Nxb5 Nxe3 17. fxe3 Bxe4 18. Qa6 Bxf5 19. Ba4 Kd8 20. Rxf5 Ne8 21. Nd4 Nc7 22. Qa5 1-0

[Event "Muensterland op 41st"]
[Site "Muenster"]
[Date "2024.10.15"]
[Round "5"]
[White "Reller, Ole"]
[Black "Weidemann, Jakob"]
[Result "0-1"]
[WhiteElo "2135"]
[BlackElo "2217"]
[PlyCount "86"]
[EventDate "2024.10.12"]
[EventType "swiss"]
[EventRounds "9"]
[EventCountry "GER"]
[SourceTitle "CB43_2024"]
[Source "Chessbase"]
[SourceDate "2024.10.23"]
[SourceVersion "1"]
[SourceVersionDate "2024.10.23"]
[SourceQuality "1"]

1. Nf3 Nf6 2. g3 e6 3. Bg2 d5 4. c4 dxc4 5. Qa4+ Nbd7 6. Qxc4 c5 7. Nc3 a6 8. Qb3 Be7 9. 0-0 0-0 10. Rd1 Ra7 11. d4 b5 12. dxc5 Bxc5 13. Ne5 Qb6 14. Nd3 Bb7 15. Bxb7 Rxb7 16. Bg5 Bd4 17. Bxf6 Nxf6 18. e3 Bxc3 19. Qxc3 Rc7 20. Qe5 Rfc8 21. Rac1 h6 22. Rxc7 Rxc7 23. Rc1 Rxc1+ 24. Nxc1 Qc6 25. Nb3 Ne4 26. h4 Qc2 27. Qb8+ Kh7 28. Qf4 Nf6 29. Nd4 Qxb2 30. Qc7 Qb1+ 31. Kg2 Qe4+ 32. Kg1 e5 33. Nc6 Qc2 34. Qc8 b4 35. h5 a5 36. Qb7 Ng4 37. Qxf7 Qc1+ 38. Kg2 Qxc6+ 39. f3 Nxe3+ 40. Kf2 Ng4+ 41. Kg2 Qc2+ 42. Kh3 Nf6 43. g4 a4 0-1

[Event "Muensterland op 41st"]
[Site "Muenster"]
[Date "2024.10.12"]
[Round "1"]
[White "Kolakovic, Klaudio"]
[Black "Weidemann, Jakob"]
[Result "1/2-1/2"]
[WhiteElo "2009"]
[BlackElo "2217"]
[PlyCount "117"]
[EventDate "2024.10.12"]
[EventType "swiss"]
[EventRounds "9"]
[EventCountry "GER"]
[SourceTitle "CB43_2024"]
[Source "Chessbase"]
[SourceDate "2024.10.23"]
[SourceVersion "1"]
[SourceVersionDate "2024.10.23"]
[SourceQuality "1"]

1. d4 Nf6 2. Nc3 d5 3. Bg5 Bf5 4. f3 c5 5. Bxf6 exf6 6. e4 dxe4 7. fxe4 cxd4 8. exf5 dxc3 9. Qxd8+ Kxd8 10. 0-0-0+ Kc7 11. bxc3 Nd7 12. Bc4 Ne5 13. Bb3 Ba3+ 14. Kb1 a5 15. Nf3 a4 16. Nxe5 axb3 17. Nf3 bxa2+ 18. Kxa2 Ra5 19. Kb3 Rxf5 20. Kxa3 Rb5 21. Rd4 Re8 22. Rhd1 Re3 23. Rc4+ Kb8 24. Rd8+ Ka7 25. Rd3 Re8 26. Rb4 Rc5 27. Kb3 Re2 28. Rd7 Re3 29. Rd3 Re2 30. g3 g6 31. h4 h5 32. Nd4 Rg2 33. Nb5+ Ka6 34. c4 g5 35. Ra4+ Kb6 36. Rb4 Ka6 37. c3 Rg1 38. Rd6+ Rc6 39. Rxc6+ bxc6 40. Nc7+ Ka7 41. Ne8 Rxg3 42. Nxf6 gxh4 43. c5 h3 44. Rh4 Rf3 45. Nxh5 Ka6 46. Kb4 f5 47. Nf6 Rg3 48. c4 f4 49. Rxf4 h2 50. Rh4 Rg2 51. Nd7 Re2 52. Nb6 Kb7 53. Rh7+ Kb8 54. Ka5 Ra2+ 55. Na4 Kc8 56. Kb4 Re2 57. Nb6+ Kb8 58. Kb3 Re3+ 59. Kb4 1/2-1/2

[Event "Dutch op"]
[Site "Velp"]
[Date "2024.07.29"]
[Round "6"]
[White "Weidemann, Jakob"]
[Black "Bakija, Alan"]
[Result "1-0"]
[WhiteElo "2142"]
[BlackElo "2171"]
[PlyCount "105"]
[EventDate "2024.07.23"]
[EventType "swiss"]
[EventRounds "9"]
[EventCountry "NED"]
[SourceTitle "EXT 2025"]
[Source "ChessBase"]
[SourceDate "2024.10.14"]
[SourceVersion "1"]
[SourceVersionDate "2024.10.14"]
[SourceQuality "1"]

1. e4 d6 2. d4 Nf6 3. Nc3 e5 4. Nf3 Nbd7 5. Bc4 Be7 6. 0-0 0-0 7. Re1 c6 8. a4 h6 9. h3 Re8 10. Be3 exd4 11. Qxd4 Nf8 12. Rad1 Be6 13. Bf4 Bxc4 14. Qxc4 Qb6 15. Bxd6 Bxd6 16. Rxd6 Qxb2 17. Rb1 Qxc2 18. Rd2 Rxe4 19. Qxe4 Qxe4 20. Nxe4 Nxe4 21. Rc2 Nd6 22. Rd1 Ne8 23. Rcd2 Ne6 24. a5 Nf6 25. Ne5 a6 26. Nd7 Nxd7 27. Rxd7 Nc5 28. Rc7 Rb8 29. Rb1 Rd8 30. Re1 Ne6 31. Rxb7 Rd5 32. Rb6 Rxa5 33. Rxc6 Kf8 34. Rb1 Nc5 35. Rc7 g6 36. Rb8+ Kg7 37. Ra8 Ne6 38. Re7 Ra1+ 39. Kh2 Kf6 40. Raa7 Nd8 41. Red7 Ne6 42. Rxf7+ Ke5 43. Ra8 Kd5 44. Re8 a5 45. Rf6 Nc5 46. Rxg6 a4 47. Rxh6 a3 48. Rd8+ Kc4 49. Rh4+ Kb3 50. Rb8+ Ka2 51. Rc4 Nd3 52. Rc3 Ne1 53. h4 1-0

[Event "Dutch op"]
[Site "Velp"]
[Date "2024.07.25"]
[Round "3"]
[White "Krylov, Philippe"]
[Black "Weidemann, Jakob"]
[Result "0-1"]
[WhiteElo "1974"]
[BlackElo "2142"]
[PlyCount "66"]
[EventDate "2024.07.23"]
[EventType "swiss"]
[EventRounds "9"]
[EventCountry "NED"]
[SourceTitle "EXT 2025"]
[Source "ChessBase"]
[SourceDate "2024.10.14"]
[SourceVersion "1"]
[SourceVersionDate "2024.10.14"]
[SourceQuality "1"]

1. d4 Nf6 2. c4 e6 3. Nc3 Bb4 4. f3 d5 5. a3 Bxc3+ 6. bxc3 c5 7. cxd5 exd5 8. e3 0-0 9. Bd3 b6 10. Ne2 Ba6 11. 0-0 Bxd3 12. Qxd3 Re8 13. Ng3 Nc6 14. Bb2 h5 15. Rad1 h4 16. Nh1 c4 17. Qe2 b5 18. Nf2 a5 19. e4 b4 20. e5 bxc3 21. Bxc3 Rb8 22. Qd2 Nh7 23. Rb1 Qg5 24. f4 Qf5 25. Rxb8 Rxb8 26. Bxa5 Nf8 27. g3 hxg3 28. hxg3 Ne6 29. Bc3 Rb3 30. Kg2 Qg6 31. g4 Qh6 32. Nd1 Ncxd4 33. Bxd4 Qh3+ 0-1

[Event "Dutch op"]
[Site "Velp"]
[Date "2024.07.24"]
[Round "2"]
[White "Weidemann, Jakob"]
[Black "Zecha, Oscar"]
[Result "1/2-1/2"]
[WhiteElo "2142"]
[BlackElo "1999"]
[PlyCount "107"]
[EventDate "2024.07.23"]
[EventType "swiss"]
[EventRounds "9"]
[EventCountry "NED"]
[SourceTitle "EXT 2025"]
[Source "ChessBase"]
[SourceDate "2024.10.14"]
[SourceVersion "1"]
[SourceVersionDate "2024.10.14"]
[SourceQuality "1"]

1. e4 e5 2. Nf3 Nc6 3. Bc4 Bc5 4. d4 Bxd4 5. Nxd4 Nxd4 6. Be3 Ne6 7. Bxe6 dxe6 8. Qh5 Nf6 9. Qxe5 Qd6 10. Qxd6 cxd6 11. Nc3 Bd7 12. 0-0-0 Ke7 13. Bf4 e5 14. Bg5 Bc6 15. Nd5+ Bxd5 16. Rxd5 Ke6 17. Bxf6 gxf6 18. Rhd1 Rhd8 19. g4 Rd7 20. c4 Rad8 21. f3 Rc8 22. b3 Rc5 23. Kc2 Rxd5 24. Rxd5 Rc7 25. Kc3 Rc8 26. Kb4 h5 27. h3 hxg4 28. hxg4 Rh8 29. a4 Rh3 30. Rd3 Rh1 31. Kc3 Kd7 32. Kc2 Kc6 33. b4 Ra1 34. a5 Ra2+ 35. Kb3 Ra1 36. Kb2 Rf1 37. Rc3 b6 38. axb6 axb6 39. Rd3 Rf2+ 40. Kc3 Rf1 41. Kd2 Rf2+ 42. Kc3 Rf1 43. b5+ Kc7 44. Kb3 Rf2 45. Rc3 Kb7 46. Re3 Kc7 47. Rd3 Re2 48. Ka4 Rc2 49. Kb4 Rb2+ 50. Rb3 Rf2 51. Ra3 Kb7 52. Rd3 Kc7 53. Rb3 Kc8 54. Rd3 1/2-1/2

[Event "Dutch op"]
[Site "Velp"]
[Date "2024.07.23"]
[Round "1"]
[White "Hausrath, Daniel"]
[Black "Weidemann, Jakob"]
[Result "1-0"]
[WhiteElo "2469"]
[BlackElo "2142"]
[PlyCount "129"]
[EventDate "2024.07.23"]
[EventType "swiss"]
[EventRounds "9"]
[EventCountry "NED"]
[SourceTitle "EXT 2025"]
[Source "ChessBase"]
[SourceDate "2024.10.14"]
[SourceVersion "1"]
[SourceVersionDate "2024.10.14"]
[SourceQuality "1"]

1. Nf3 Nf6 2. g3 b6 3. Bg2 Bb7 4. 0-0 c5 5. c4 g6 6. d3 Bg7 7. e4 d6 8. Nc3 0-0 9. h3 Nc6 10. Be3 Rc8 11. Qd2 Ne8 12. Bh6 e5 13. h4 Bxh6 14. Qxh6 Qf6 15. Nd5 Qg7 16. Qg5 f6 17. Qd2 Ne7 18. Bh3 Rb8 19. Be6+ Kh8 20. h5 Nxd5 21. cxd5 g5 22. a4 Nc7 23. Bf5 Bc8 24. g4 Bxf5 25. gxf5 a5 26. h6 Qf7 27. Kg2 Na6 28. Rh1 Nb4 29. Nh2 Qd7 30. Nf1 Rfc8 31. Ng3 Qf7 32. Qe2 Rf8 33. Nh5 Rfc8 34. Ng7 Rg8 35. Ne6 Rgc8 36. Ra3 Qd7 37. Rh3 Rg8 38. Rg3 Rbc8 39. Ra1 Qf7 40. Qd1 Qe8 41. Qb3 Qd7 42. Qc3 Qe7 43. b3 Qf7 44. Rh1 Na2 45. Qb2 Nb4 46. Rhh3 Ra8 47. Kh2 b5 48. f4 g4 49. Rh4 bxa4 50. bxa4 Qd7 51. fxe5 dxe5 52. Rhxg4 Rxg4 53. Rxg4 Qxa4 54. Rg1 Qe8 55. Qe2 Ra7 56. d6 a4 57. Qg4 a3 58. Nc7 Qf8 59. Qg7+ Qxg7 60. hxg7+ Kg8 61. d7 Nc6 62. Nd5 Ra8 63. Nxf6+ Kf7 64. g8Q+ Rxg8 65. Nxg8 1-0

[Event "GER-chT U20"]
[Site "Magdeburg"]
[Date "2023.12.30"]
[Round "7.5"]
[White "Weidemann, Jakob"]
[Black "Leonard, Timo"]
[Result "1/2-1/2"]
[WhiteElo "2114"]
[BlackElo "2170"]
[PlyCount "41"]
[EventDate "2023.12.26"]
[EventType "team-swiss"]
[EventRounds "7"]
[EventCountry "GER"]
[SourceTitle "CBM 218 Extra"]
[Source "ChessBase"]
[SourceDate "2024.03.31"]
[SourceVersion "1"]
[SourceVersionDate "2024.03.31"]
[SourceQuality "1"]
[WhiteTeam "Muenster 32"]
[BlackTeam "Hemer"]
[WhiteTeamCountry "GER"]
[BlackTeamCountry "GER"]

1. e4 e6 2. d4 d5 3. Nd2 Be7 4. Ngf3 Nf6 5. e5 Nfd7 6. Bd3 c5 7. c3 b6 8. 0-0 Ba6 9. Bxa6 Nxa6 10. Qe2 Qc8 11. c4 Nc7 12. b3 0-0 13. Bb2 Qa6 14. Rfc1 Rac8 15. a3 Rfd8 16. b4 dxc4 17. dxc5 bxc5 18. Qxc4 Qxc4 19. Nxc4 cxb4 20. axb4 Nb5 21. Nd4 1/2-1/2

[Event "GER-chT U20"]
[Site "Magdeburg"]
[Date "2023.12.29"]
[Round "6.1"]
[White "Suvorov, Alexander David"]
[Black "Weidemann, Jakob"]
[Result "1/2-1/2"]
[WhiteElo "2334"]
[BlackElo "2114"]
[PlyCount "67"]
[EventDate "2023.12.26"]
[EventType "team-swiss"]
[EventRounds "7"]
[EventCountry "GER"]
[SourceTitle "CBM 218 Extra"]
[Source "ChessBase"]
[SourceDate "2024.03.31"]
[SourceVersion "1"]
[SourceVersionDate "2024.03.31"]
[SourceQuality "1"]
[WhiteTeam "Porz SG"]
[BlackTeam "Muenster 32"]
[WhiteTeamCountry "GER"]
[BlackTeamCountry "GER"]

1. d4 Nf6 2. Nf3 e6 3. Bf4 c5 4. c3 b6 5. e3 Bb7 6. Nbd2 Be7 7. h3 0-0 8. Bd3 d5 9. 0-0 Bd6 10. Qe2 Qc7 11. Bxd6 Qxd6 12. Ne5 Nc6 13. f4 Ne7 14. Rad1 Rad8 15. g4 Nd7 16. g5 Nf5 17. Bxf5 exf5 18. Kh2 f6 19. gxf6 Rxf6 20. Ndf3 c4 21. Rg1 Re8 22. Rg3 Rh6 23. Rdg1 Re7 24. Qc2 Qf6 25. Rg5 Bc8 26. Qg2 Qf8 27. Nxd7 Bxd7 28. Ne5 Rd6 29. Qc2 Qc8 30. Qg2 Qf8 31. h4 Be8 32. Qh3 Rf6 33. Qg2 Rd6 34. b3 1/2-1/2

[Event "GER-chT U20"]
[Site "Magdeburg"]
[Date "2023.12.28"]
[Round "4.2"]
[White "Burian, Simon"]
[Black "Weidemann, Jakob"]
[Result "1-0"]
[WhiteElo "2154"]
[BlackElo "2114"]
[PlyCount "85"]
[EventDate "2023.12.26"]
[EventType "team-swiss"]
[EventRounds "7"]
[EventCountry "GER"]
[SourceTitle "CBM 218 Extra"]
[Source "ChessBase"]
[SourceDate "2024.03.31"]
[SourceVersion "1"]
[SourceVersionDate "2024.03.31"]
[SourceQuality "1"]
[WhiteTeam "Plauen Koenig"]
[BlackTeam "Muenster 32"]
[WhiteTeamCountry "GER"]
[BlackTeamCountry "GER"]

1. e4 c5 2. Nf3 d6 3. d4 cxd4 4. Nxd4 Nf6 5. Nc3 Nc6 6. f3 e6 7. Be3 Be7 8. Qd2 a6 9. 0-0-0 Bd7 10. g4 h6 11. h4 Nxd4 12. Bxd4 Qc7 13. Kb1 b5 14. Bd3 Bc6 15. g5 Nh5 16. gxh6 Rxh6 17. Bxg7 Rg6 18. Bd4 e5 19. Be3 0-0-0 20. Nd5 Bxd5 21. exd5 Rg3 22. c4 b4 23. Qxb4 Qb7 24. Qd2 Kb8 25. Rdg1 Rdg8 26. Rxg3 Rxg3 27. Rg1 Rxg1+ 28. Bxg1 Nf4 29. Be4 Bxh4 30. Qh2 Qe7 31. Qd2 Qb7 32. a3 Be7 33. Ka2 Bd8 34. Be3 Bf6 35. c5 Bg5 36. Qh2 Qb5 37. Qc2 dxc5 38. Bxc5 Bd8 39. Bd6+ Ka7 40. Qc8 Ba5 41. Bc5+ Bb6 42. Qc7+ Ka8 43. d6+ 1-0

[Event "Dieren op"]
[Site "Dieren"]
[Date "2023.07.26"]
[Round "2"]
[White "Markus, John Raymond"]
[Black "Weidemann, Jakob"]
[Result "0-1"]
[WhiteElo "2001"]
[BlackElo "2114"]
[PlyCount "114"]
[EventDate "2023.07.25"]
[EventType "swiss"]
[EventRounds "9"]
[EventCountry "NED"]
[SourceTitle "CBM 215 Extra"]
[Source "ChessBase"]
[SourceDate "2023.09.30"]
[SourceVersion "1"]
[SourceVersionDate "2023.09.30"]
[SourceQuality "1"]

1. d4 Nf6 2. Nf3 e6 3. e3 b6 4. Bd3 Bb7 5. Nbd2 d5 6. 0-0 Nbd7 7. b3 c5 8. Bb2 Be7 9. a3 0-0 10. Qe2 a6 11. c4 Ne4 12. Rfd1 Qb8 13. Ne5 Nxe5 14. dxe5 Nxd2 15. Rxd2 dxc4 16. bxc4 Rd8 17. f4 Bc6 18. Rf1 Qb7 19. f5 Be4 20. f6 Bf8 21. fxg7 Bxg7 22. Rf4 Bxd3 23. Rxd3 Rxd3 24. Qxd3 Qe7 25. Rf1 Rd8 26. Qe4 b5 27. Bc3 b4 28. axb4 cxb4 29. Be1 Rb8 30. Bh4 Qf8 31. Bf6 b3 32. Qg4 b2 33. Rb1 a5 34. c5 Rb4 35. Bxg7 Qxg7 36. Qxg7+ Kxg7 37. c6 a4 38. c7 Rc4 39. Rxb2 Rxc7 40. Ra2 Rc4 41. Kf2 Kg6 42. Ke2 Kf5 43. Kd3 Rb4 44. Rf2+ Kg6 45. h3 Rb3+ 46. Kd4 a3 47. Ra2 Kg5 48. g3 h6 49. Ke4 h5 50. Rf2 Rb4+ 51. Kd3 Ra4 52. Ra2 Kf5 53. g4+ hxg4 54. hxg4+ Kxe5 55. Ke2 Ke4 56. Kf2 Kd3 57. Kf3 Kc3 0-1

[Event "GER-ch U25-A"]
[Site "Willingen"]
[Date "2023.06.02"]
[Round "8"]
[White "Weidemann, Jakob"]
[Black "Bold, Andre"]
[Result "1/2-1/2"]
[WhiteElo "2125"]
[BlackElo "2194"]
[PlyCount "52"]
[EventDate "2023.05.27"]
[EventType "swiss"]
[EventRounds "9"]
[EventCountry "GER"]
[SourceTitle "CBM 214 Extra"]
[Source "ChessBase"]
[SourceDate "2023.07.31"]
[SourceVersion "1"]
[SourceVersionDate "2023.07.31"]
[SourceQuality "1"]

1. e4 c6 2. d4 d5 3. e5 Bf5 4. Nf3 e6 5. Be2 Ne7 6. 0-0 h6 7. Nbd2 Nd7 8. Nb3 g5 9. a4 Bg7 10. a5 Rc8 11. Bd2 0-0 12. Bb4 Re8 13. Re1 Ng6 14. g3 Bf8 15. Bxf8 Rxf8 16. Bd3 Bg4 17. Kg2 f5 18. h3 Bxf3+ 19. Qxf3 Kg7 20. Qh5 Qe8 21. Kh2 Ngxe5 22. Qe2 Nxd3 23. cxd3 Rf6 24. Nc5 Nxc5 25. dxc5 a6 26. f4 Qf7 1/2-1/2

[Event "GER-chT U20"]
[Site "Muenster"]
[Date "2022.12.27"]
[Round "2"]
[White "Schneider, Jana"]
[Black "Weidemann, Jakob"]
[Result "1-0"]
[WhiteElo "2272"]
[BlackElo "2169"]
[PlyCount "85"]
[EventDate "2022.12.26"]
[EventType "team-swiss"]
[EventRounds "7"]
[EventCountry "GER"]
[SourceTitle "CBM 212 Extra"]
[Source "ChessBase"]
[SourceDate "2023.03.31"]
[SourceVersion "1"]
[SourceVersionDate "2023.03.31"]
[SourceQuality "1"]
[WhiteTeam "Regensburg Bavaria"]
[BlackTeam "Muenster"]
[WhiteTeamCountry "GER"]
[BlackTeamCountry "GER"]

1. e4 c5 2. Nf3 e6 3. d4 cxd4 4. Nxd4 Nf6 5. Nc3 Nc6 6. Ndb5 d6 7. Bf4 e5 8. Bg5 a6 9. Na3 b5 10. Nd5 Be7 11. Bxf6 Bxf6 12. c3 Ne7 13. Nxf6+ gxf6 14. Qf3 f5 15. exf5 Bxf5 16. Bd3 Be6 17. 0-0 0-0 18. Rfd1 Ng6 19. Be4 Rb8 20. Nc2 Nf4 21. Nb4 Rb6 22. Nd5 Bxd5 23. Bxd5 Nxd5 24. Rxd5 Qe7 25. Qe3 Rfb8 26. Rad1 b4 27. cxb4 Rxb4 28. b3 R4b6 29. Qd3 Rc8 30. h3 Rd8 31. Ra5 e4 32. Qd4 Rc6 33. Re1 Re8 34. Re3 Qh4 35. Rg3+ Qxg3 36. fxg3 e3 37. Rg5+ Kf8 38. Qg7+ Ke7 39. Rf5 e2 40. Rxf7+ Kd8 41. Qg5+ Kc8 42. Qg4+ Kb8 43. Qb4+ 1-0

[Event "GER-ch U18"]
[Site "Willingen"]
[Date "2022.06.09"]
[Round "7"]
[White "Weidemann, Jakob"]
[Black "Musiolik, David"]
[Result "0-1"]
[WhiteElo "2047"]
[BlackElo "2217"]
[PlyCount "62"]
[EventDate "2022.06.04"]
[EventType "swiss"]
[EventRounds "9"]
[EventCountry "GER"]
[SourceTitle "CBM 208 Extra"]
[Source "ChessBase"]
[SourceDate "2022.07.31"]
[SourceVersion "1"]
[SourceVersionDate "2022.07.31"]
[SourceQuality "1"]

1. e4 e6 2. d4 d5 3. Nd2 Be7 4. Bd3 c5 5. exd5 Qxd5 6. Ngf3 cxd4 7. Be4 Qd6 8. Qe2 Nf6 9. Qc4 0-0 10. Nxd4 Nxe4 11. Nxe4 Qa6 12. Qxa6 Nxa6 13. f4 b6 14. 0-0 Bb7 15. Re1 Rfd8 16. c3 Nb4 17. Re2 Rac8 18. Bd2 Ba6 19. Re3 Nd3 20. f5 e5 21. f6 exd4 22. Rg3 Bf8 23. fxg7 Be7 24. Bg5 Nc5 25. Nxc5 Bxc5 26. Bxd8 dxc3+ 27. Kh1 cxb2 28. Rd1 Be2 29. Bf6 Bxd1 30. Bxb2 Re8 31. Bc3 Re3 0-1

[Event "GER-ch U18"]
[Site "Willingen"]
[Date "2022.06.05"]
[Round "2"]
[White "Boder, Jan"]
[Black "Weidemann, Jakob"]
[Result "0-1"]
[WhiteElo "2334"]
[BlackElo "2047"]
[PlyCount "92"]
[EventDate "2022.06.04"]
[EventType "swiss"]
[EventRounds "9"]
[EventCountry "GER"]
[SourceTitle "CBM 208 Extra"]
[Source "ChessBase"]
[SourceDate "2022.07.31"]
[SourceVersion "1"]
[SourceVersionDate "2022.07.31"]
[SourceQuality "1"]

1. c4 e5 2. g3 c6 3. d4 e4 4. d5 cxd5 5. cxd5 Bb4+ 6. Nc3 Nf6 7. Qd4 Qa5 8. Bg5 Nxd5 9. Qxg7 Rf8 10. Bd2 Nc6 11. Rd1 Nxc3 12. bxc3 Be7 13. Qxh7 d5 14. Bh3 Bf6 15. Bxc8 Rxc8 16. Qf5 Ke7 17. c4 Bc3 18. cxd5 Bxd2+ 19. Rxd2 Rfd8 20. Qxe4+ Kf8 21. Nf3 Nd4 22. 0-0 Nxf3+ 23. Qxf3 Qxd2 24. e4 Qc3 25. Qf4 Re8 26. d6 Re6 27. d7 Rd8 28. Rc1 Qe5 29. Qh4 Rxd7 30. Rc8+ Re8 31. Qh6+ Kg8 32. Rxe8+ Qxe8 33. Qg5+ Kf8 34. Qh6+ Ke7 35. h4 Kd8 36. Qf4 Qe6 37. h5 f6 38. h6 Qe5 39. Qg4 Qg5 40. Qe6 Qxh6 41. Qg8+ Ke7 42. Qb3 Qd2 43. Qa3+ Ke8 44. Qxa7 Qe1+ 45. Kh2 Rh7+ 46. Kg2 Qh1# 0-1

[Event "Wachtebeke op"]
[Site "Wachtebeke"]
[Date "2022.03.03"]
[Round "9"]
[White "Weidemann, Jakob"]
[Black "Stuer, Marc"]
[Result "1-0"]
[WhiteElo "1996"]
[BlackElo "2023"]
[PlyCount "55"]
[EventDate "2022.02.26"]
[EventType "swiss"]
[EventRounds "9"]
[EventCountry "BEL"]
[SourceTitle "CBM 207 Extra"]
[Source "ChessBase"]
[SourceDate "2022.05.31"]
[SourceVersion "1"]
[SourceVersionDate "2022.05.31"]
[SourceQuality "1"]

1. e4 c5 2. Nf3 d6 3. d4 cxd4 4. Nxd4 Nf6 5. Nc3 a6 6. Bg5 e6 7. f4 Be7 8. Qf3 Qc7 9. 0-0-0 Nbd7 10. g4 b5 11. Bxf6 Nxf6 12. g5 Nd7 13. f5 Nc5 14. f6 gxf6 15. gxf6 Bf8 16. Rg1 Bd7 17. b4 Na4 18. Nxa4 bxa4 19. a3 e5 20. Nf5 Rc8 21. Rg2 Rg8 22. Nxd6+ Bxd6 23. Rxg8+ Bf8 24. Qd3 Bb5 25. Qxb5+ axb5 26. Bxb5+ Qc6 27. Bxc6+ Rxc6 28. Rxf8+ 1-0

[Event "GER-chT U16"]
[Site "Willingen"]
[Date "2021.06.25"]
[Round "3.10"]
[White "Geltz, Noah"]
[Black "Weidemann, Jakob"]
[Result "1/2-1/2"]
[WhiteElo "2087"]
[BlackElo "1570"]
[PlyCount "55"]
[EventDate "2021.06.23"]
[EventType "team-swiss"]
[EventRounds "7"]
[EventCountry "GER"]
[SourceTitle "CBM 203 Extra"]
[Source "ChessBase"]
[SourceDate "2021.09.30"]
[SourceVersion "1"]
[SourceVersionDate "2021.09.30"]
[SourceQuality "1"]
[WhiteTeam "Biberach"]
[BlackTeam "Muenster 32"]
[WhiteTeamCountry "GER"]
[BlackTeamCountry "GER"]

1. e4 c5 2. Nc3 Nc6 3. Bb5 Nd4 4. Nf3 a6 5. Bd3 g6 6. Nxd4 cxd4 7. Ne2 d5 8. exd5 Qxd5 9. 0-0 Bg7 10. c4 dxc3 11. dxc3 Nf6 12. Ng3 h5 13. Qe2 h4 14. Ne4 Bf5 15. c4 Qc6 16. Nxf6+ Qxf6 17. Bxf5 Qxf5 18. Re1 Bf6 19. h3 0-0 20. Qe4 Qxe4 21. Rxe4 Rfd8 22. Bf4 Rd7 23. Be5 Bxe5 24. Rxe5 Rad8 25. Rae1 e6 26. R5e3 Rc8 27. b3 Rcd8 28. f3 1/2-1/2

[Event "GER-chT U16"]
[Site "Willingen"]
[Date "2021.06.24"]
[Round "2.10"]
[White "Weidemann, Jakob"]
[Black "Payes Kanders, Valentin"]
[Result "0-1"]
[WhiteElo "1570"]
[BlackElo "1498"]
[PlyCount "67"]
[EventDate "2021.06.23"]
[EventType "team-swiss"]
[EventRounds "7"]
[EventCountry "GER"]
[SourceTitle "CBM 203 Extra"]
[Source "ChessBase"]
[SourceDate "2021.09.30"]
[SourceVersion "1"]
[SourceVersionDate "2021.09.30"]
[SourceQuality "1"]
[WhiteTeam "Muenster 32"]
[BlackTeam "Essen Katernberg"]
[WhiteTeamCountry "GER"]
[BlackTeamCountry "GER"]

1. e4 c5 2. Nf3 e6 3. d4 cxd4 4. Nxd4 Nc6 5. Nc3 Nf6 6. Ndb5 d6 7. Bf4 e5 8. Bg5 a6 9. Na3 b5 10. Nd5 Be7 11. Bxf6 Bxf6 12. c4 bxc4 13. Nxc4 Nd4 14. Rc1 0-0 15. Ncb6 Rb8 16. Nxc8 Rxc8 17. Rxc8 Qxc8 18. Bd3 Bd8 19. 0-0 Qb7 20. b4 f5 21. Bc4 Kh8 22. exf5 Rxf5 23. Bd3 Rg5 24. Be4 Qb5 25. Re1 Qe8 26. f4 Rh5 27. Rf1 Bf6 28. Qg4 Rh6 29. fxe5 Bxe5 30. g3 Ne6 31. Qf5 g6 32. Qf7 Qxf7 33. Rxf7 Ng5 34. Ra7 0-1

[Event "GER-chT Christmas U20"]
[Site "Playchess.com INT"]
[Date "2020.12.29"]
[Round "4.2"]
[White "Bornholdt, Joa Max"]
[Black "Weidemann, Jakob"]
[Result "1-0"]
[WhiteElo "1998"]
[BlackElo "1570"]
[PlyCount "207"]
[EventDate "2020.12.29"]
[EventType "team-swiss (blitz)"]
[EventRounds "7"]
[EventCountry "GER"]
[SourceTitle "CBM 200 Extra"]
[Source "ChessBase"]
[SourceDate "2021.03.31"]
[SourceVersion "1"]
[SourceVersionDate "2021.03.31"]
[SourceQuality "1"]
[WhiteTeam "Luebeck II"]
[BlackTeam "Muenster II"]
[WhiteTeamCountry "GER"]
[BlackTeamCountry "GER"]

1. d4 Nf6 2. c4 e5 3. dxe5 Ng4 4. Nf3 Bc5 5. e3 Nc6 6. Be2 Ngxe5 7. Nxe5 Nxe5 8. 0-0 0-0 9. Nc3 d6 10. Kh1 Re8 11. f4 Nc6 12. Nd5 Ne7 13. Qd3 Nxd5 14. cxd5 Qe7 15. Bf3 f5 16. Bd2 a6 17. Rae1 Bd7 18. Rf2 Qf7 19. Bc3 Bb5 20. Qd2 Re7 21. b3 Rae8 22. a4 Rxe3 23. Rc1 Bd7 24. Bd4 Bxd4 25. Qxd4 Rxb3 26. h3 Rc8 27. Re2 Kf8 28. Qc4 Ra3 29. Qb4 Rxa4 30. Qxb7 Rxf4 31. Rxc7 Rd8 32. Qxa6 Qf6 33. Qa7 Qf7 34. Re6 Rxf3 35. gxf3 Qh5 36. Kg2 Bxe6 37. dxe6 Qg6+ 38. Kf2 Qxe6 39. Rxg7 Rc8 40. Rg2 Rc2+ 41. Kg1 Qe1+ 42. Kh2 Qe5+ 43. Kh1 Rc1+ 44. Rg1 Rxg1+ 45. Qxg1 Kf7 46. Qf1 Qg3 47. Qc4+ Kg7 48. Qd4+ Kg6 49. Qd3 Qxh3+ 50. Kg1 Qg3+ 51. Kf1 Qe5 52. Qb3 d5 53. Qb6+ Qf6 54. Qg1+ Kf7 55. Qa7+ Qe7 56. Qd4 Qe6 57. Qh8 Qa6+ 58. Kf2 Qa2+ 59. Kg3 Qb3 60. Qxh7+ Ke6 61. Qg6+ Ke7 62. Qxf5 Qb5 63. Qe5+ Kd7 64. Qg7+ Kd6 65. Qf8+ Ke5 66. f4+ Kd4 67. Qf6+ Kd3 68. Kg4 Qc4 69. Qe7 Qe4 70. Qa3+ Kd2 71. Qb2+ Qc2 72. Qb4+ Qc3 73. Qe7 d4 74. f5 Qe3 75. f6 Qg1+ 76. Kf5 Qf2+ 77. Kg6 Qg3+ 78. Kh7 d3 79. Qb4+ Ke2 80. Qe4+ Qe3 81. Qg2+ Qf2 82. Qxf2+ Kxf2 83. f7 d2 84. f8Q+ Ke1 85. Qe7+ Kd1 86. Kg6 Kc1 87. Qc5+ Kb2 88. Qd4+ Kc2 89. Qc4+ Kb2 90. Qd3 Kc1 91. Qc3+ Kd1 92. Kf5 Ke2 93. Qc2 Ke1 94. Qe4+ Kf2 95. Qd3 Ke1 96. Qe3+ Kd1 97. Ke4 Kc2 98. Qe2 Kc1 99. Qc4+ Kb2 100. Qd3 Kc1 101. Qc3+ Kd1 102. Ke3 Ke1 103. Qxd2+ Kf1 104. Qf2# 1-0